000
00341nam a22001577a 4500
003
SGT
020
_a
978-81-7739-480-1
082
_a
616.1207
_b
E16G
100
_a
GUPTA, VIPIN
245
_a
ESSENTIALS OF ECG
250
_a
1ST
260
_a
INDIA
_b
APC PUB
_c
2016
300
_a
116
650
_a
GENERAL MEDICINE
942
_2
ddc
_c
BK
_0
53
999
_c
18706
_d
18706